000 01506nam a2200241 a 4500
008 160426s2006 ||||||||||||||||| || u
020 _a9780199282500
050 _aK 212 Hol
100 _aHolland, James A
245 1 0 _aLearning legal rules: a students' guide to legal method and reasoning
_cBy James A Holland [and] Julian S Webb
250 _a6th ed.
260 _aOxford:
_bOxford University Press
_c2006
300 _axxvi, 376p.
350 _a45.00
650 _aLAW--GREAT BRITAIN
650 0 _aLAW--METHODOLOGY
995 _aANNEX COLLECTION (Main Library)
_e746486
_FCBU-MAIN LIBRARY (Kitwe)
_I45.00
_jK 212 Hol
_M4
_UAVAILABLE
_WMay 13, 2016
_y746486
_ZAnnex Low-Usage Collection
995 _aANNEX COLLECTION (Main Library)
_e746484
_FCBU-MAIN LIBRARY (Kitwe)
_I45.00
_jK 212 Hol
_M6
_UAVAILABLE
_WMay 13, 2016
_y746484
_ZAnnex Low-Usage Collection
995 _aANNEX COLLECTION (Main Library)
_e746485
_FCBU-MAIN LIBRARY (Kitwe)
_I45.00
_jK 212 Hol
_M5
_UAVAILABLE
_WMay 13, 2016
_y746485
_ZAnnex Low-Usage Collection
995 _aMAIN LIBRARY OPEN ACCESS
_e746487
_FCBU-MAIN LIBRARY (Kitwe)
_I45.00
_jK 212 Hol
_M1
_UOUT
_WMay 13, 2016
_y746487
_ZMain Library Open Access Collection
995 _aANNEX COLLECTION (Main Library)
_e746482
_FCBU-MAIN LIBRARY (Kitwe)
_I45.00
_jK 212 Hol
_M3
_UAVAILABLE
_WMay 13, 2016
_y746482
_ZAnnex Low-Usage Collection
995 _aMAIN LIBRARY OPEN ACCESS
_e746483
_FCBU-MAIN LIBRARY (Kitwe)
_I45.00
_jK 212 Hol
_M2
_UAVAILABLE
_WMay 13, 2016
_y746483
_ZMain Library Open Access Collection
999 _c82137
_d82137